| 000 | 00527nam a2200193Ia 4500 | ||
|---|---|---|---|
| 005 | 20250923145807.0 | ||
| 008 | 008 250917s9999 xx 000 0 eng d | ||
| 037 | _aTextual | ||
| 040 |
_aDSWL _beng _cDSWL |
||
| 041 |
_aeng _2eng |
||
| 084 |
_aQ7x.46, N82 _qDSWL |
||
| 245 | 0 |
_aIslamic resrgence in the Arab World _cEd. by A.H.Dessouki |
|
| 260 |
_aNew York _bPragger _c1982 |
||
| 300 | _axii,274p. | ||
| 365 |
_aUSD _b43.75 |
||
| 925 | _g43.75 | ||
| 942 |
_cTEXL _hQ7x.46, N82 |
||
| 999 |
_c1455785 _d1455785 |
||